书目信息 |
| 题名: |
JGL-8型共电小交换机
|
|
| 作者: | ;上海电讯器材厂 编 | |
| 分册: | ||
| 出版信息: | 北京 人民邮电出版社 1975 |
|
| 页数: | 189页 | |
| 开本: | 19cm | |
| 丛书名: | ||
| 单 册: | ||
| 中图分类: | TN916.41 | |
| 科图分类: | ||
| 主题词: | 人工电话交换机 | |
| 电子资源: | ||
| ISBN: | ||
| 000 | 00733nam0 2200229 45 | |
| 001 | 0175002532 | |
| 005 | 20060518105214.68 | |
| 010 | @dCNY0.46 | |
| 100 | @a19951013d1975 em y0chiy0121 ea | |
| 101 | 0 | @achi |
| 102 | @aCN@b110000 | |
| 105 | @ay z 000yy | |
| 200 | 10 | @aJGL-8型共电小交换机@AJGL-8 xing gong dian xiao jiao huan ji@f上海电讯器材厂编@Fshang hai dian xun qi cai chang bian |
| 210 | @a北京@c人民邮电出版社@d1975 | |
| 215 | @a189页@d19cm | |
| 517 | 1 | @aJGL8型共电小交换机@AJGL8 xing gong dian xiao jiao huan ji |
| 606 | @a人工电话交换机 | |
| 690 | @aTN916.41@v3 | |
| 711 | 02 | @a上海电讯器材厂@Ashang hai dian xun qi cai chang@4编 |
| 801 | 2 | @aCN@bNLC@c20060518 |
| 801 | 0 | @aCN@bTSSF |
| 905 | @a10447@dTN916.41@e2 | |
| JGL-8型共电小交换机/上海电讯器材厂编.-北京:人民邮电出版社,1975 |
| 189页;19cm |
| ISBN :CNY0.46 |
| ● |
| 相关链接 |
|
|
|
|
正题名:JGL-8型共电小交换机
索取号:TN916.41/2
 
预约/预借
| 序号 | 登录号 | 条形码 | 馆藏地/架位号 | 状态 | 备注 |
| 1 | 0011386 | 202347905 | 密集书库/ [索取号:TN916.41/2] | 在馆 | |
| 2 | 0011387 | 202347941 | 密集书库/ [索取号:TN916.41/2] | 在馆 | |
| 3 | 0011388 | 202347861 | 密集书库/ [索取号:TN916.41/2] | 在馆 |